000 00570nam a2200181Ia 4500
008 090630s9999 xx 000 0 und d
082 _b13257
100 _aभालेराव अनंत.
245 _aमांदीयाळी.
_cभालेराव अनंत.
260 _bमौज.
_c1994
300 _a183
600 _aभालेराव अनंत.
630 _aमांदीयाळी.
655 _aलघुकथा.
700 _aभालेराव अनंत.
730 _aमांदीयाळी.
942 _cBOOK
999 _c265113
_d265113